000 00602nam a2200229 i 4500
001 C2-0007541
003 PPAK
005 20190630221849.0
008 970125s1986 enka|||| ||||| | eng d
020 _a0333378970
040 _aPPAK
_beng
_cPPAK
_erda
082 0 4 _a394.2683
_223
090 0 0 _a394.2683
_bBEN
_dK
100 1 _aBennett, Olivia,
_eauthor
245 1 0 _aChinese New Year
264 1 _aLondon :
_bMacmillan ,
_c1986
300 _a31 pages :
_billustrations ;
_c25 cm
336 _2rdacontent
_atext
337 _2rdamedia
_aunmediated
338 _2rdacarrier
_avolume
942 _ddc
_cB
999 _c2094
_d2094